000 00285cam a22001097a 4500
008 180718b1962 xxu||||| |||| 00| 0 eng d
082 _aA42x5441 A/D/1
100 _aGujarat. Vidhansabha Sachivalaya
245 _aDigests of act
260 _aAhmedabad
_bThe author
_c1962
300 _a34p.
999 _c488505
_d488505